<?xml version="1.0" encoding="UTF-8"?>
<collection xmlns="http://www.loc.gov/MARC21/slim">
<record>
  <controlfield tag="001">150713</controlfield>
  <controlfield tag="005">20251017144642.0</controlfield>
  <datafield tag="024" ind1="7" ind2=" ">
    <subfield code="2">doi</subfield>
    <subfield code="a">10.1021/jacs.4c12637</subfield>
  </datafield>
  <datafield tag="024" ind1="8" ind2=" ">
    <subfield code="2">sideral</subfield>
    <subfield code="a">142857</subfield>
  </datafield>
  <datafield tag="037" ind1=" " ind2=" ">
    <subfield code="a">ART-2025-142857</subfield>
  </datafield>
  <datafield tag="041" ind1=" " ind2=" ">
    <subfield code="a">eng</subfield>
  </datafield>
  <datafield tag="100" ind1=" " ind2=" ">
    <subfield code="a">Postigo, Alejandro</subfield>
  </datafield>
  <datafield tag="245" ind1=" " ind2=" ">
    <subfield code="a">Folding and Functionalizing DNA Origami: A Versatile Approach Using a Reactive Polyamine</subfield>
  </datafield>
  <datafield tag="260" ind1=" " ind2=" ">
    <subfield code="c">2025</subfield>
  </datafield>
  <datafield tag="506" ind1="0" ind2=" ">
    <subfield code="a">Access copy available to the general public</subfield>
    <subfield code="f">Unrestricted</subfield>
  </datafield>
  <datafield tag="520" ind1="3" ind2=" ">
    <subfield code="a">DNA nanotechnology is a powerful synthetic approach to crafting diverse nanostructures through self-assembly. Chemical decoration of such nanostructures is often required to tailor their properties for specific applications. In this Letter, we introduce a pioneering method to direct the assembly and enable the functionalization of DNA nanostructures using an azide-bearing functional polyamine. We first demonstrate the successful polyamine-assisted folding of a scaffolded DNA origami nanostructure equipped with reactive azide groups. Leveraging this reactivity, we next showcase the decoration of the DNA origami via strain-promoted azide–alkyne cycloaddition with dibenzocyclooctyne-containing functional molecules. Specifically, we incorporate a fluorophore (Cy5), polyethylene glycol (PEG), and a hydrophobic phosphatidylethanolamine (PE) tag to tailor the properties of our DNA origami nanostructures. Our approach is expected to streamline and reduce the cost of chemical customization of intricate DNA nanostructures, paving the way for enhanced versatility and applicability.</subfield>
  </datafield>
  <datafield tag="536" ind1=" " ind2=" ">
    <subfield code="9">info:eu-repo/grantAgreement/ES/AEI/CEX2023-001286-S</subfield>
    <subfield code="9">info:eu-repo/grantAgreement/ES/CSIC/PTI-001</subfield>
    <subfield code="9">info:eu-repo/grantAgreement/ES/DGA/E09-23R-QMAD</subfield>
    <subfield code="9">info:eu-repo/grantAgreement/ES/DGA/E47-23R</subfield>
    <subfield code="9">info:eu-repo/grantAgreement/ES/MICINN-AEI/PRTR-C17.I1</subfield>
    <subfield code="9">info:eu-repo/grantAgreement/ES/MICINN/CTQ2017-84087-R</subfield>
    <subfield code="9">info:eu-repo/grantAgreement/ES/MCINN/PID2020-113003GB-I00</subfield>
    <subfield code="9">info:eu-repo/grantAgreement/ES/MICINN/PID2023-147656OB-I00</subfield>
    <subfield code="9">info:eu-repo/grantAgreement/ES/MICINN PRE2021-098521</subfield>
    <subfield code="9">info:eu-repo/grantAgreement/ES/MICINN/RYC-2015-18471</subfield>
  </datafield>
  <datafield tag="540" ind1=" " ind2=" ">
    <subfield code="9">info:eu-repo/semantics/openAccess</subfield>
    <subfield code="a">by</subfield>
    <subfield code="u">https://creativecommons.org/licenses/by/4.0/deed.es</subfield>
  </datafield>
  <datafield tag="655" ind1=" " ind2="4">
    <subfield code="a">info:eu-repo/semantics/conferenceObject</subfield>
    <subfield code="v">info:eu-repo/semantics/publishedVersion</subfield>
  </datafield>
  <datafield tag="700" ind1=" " ind2=" ">
    <subfield code="a">Marcuello, Carlos</subfield>
    <subfield code="0">(orcid)0000-0003-3459-8605</subfield>
  </datafield>
  <datafield tag="700" ind1=" " ind2=" ">
    <subfield code="a">Verstraeten, William</subfield>
  </datafield>
  <datafield tag="700" ind1=" " ind2=" ">
    <subfield code="a">Sarasa, Santiago</subfield>
    <subfield code="u">Universidad de Zaragoza</subfield>
  </datafield>
  <datafield tag="700" ind1=" " ind2=" ">
    <subfield code="a">Walther, Tobias</subfield>
  </datafield>
  <datafield tag="700" ind1=" " ind2=" ">
    <subfield code="a">Lostao, Anabel</subfield>
    <subfield code="0">(orcid)0000-0001-7460-5916</subfield>
  </datafield>
  <datafield tag="700" ind1=" " ind2=" ">
    <subfield code="a">Göpfrich, Kerstin</subfield>
  </datafield>
  <datafield tag="700" ind1=" " ind2=" ">
    <subfield code="a">Barrio, Jesús del</subfield>
    <subfield code="u">Universidad de Zaragoza</subfield>
    <subfield code="0">(orcid)0000-0002-5380-6863</subfield>
  </datafield>
  <datafield tag="700" ind1=" " ind2=" ">
    <subfield code="a">Hernández-Ainsa, Silvia</subfield>
    <subfield code="0">(orcid)0000-0003-3109-4284</subfield>
  </datafield>
  <datafield tag="710" ind1="2" ind2=" ">
    <subfield code="1">2013</subfield>
    <subfield code="2">765</subfield>
    <subfield code="a">Universidad de Zaragoza</subfield>
    <subfield code="b">Dpto. Química Orgánica</subfield>
    <subfield code="c">Área Química Orgánica</subfield>
  </datafield>
  <datafield tag="773" ind1=" " ind2=" ">
    <subfield code="g">147, 5 (2025), 3919-3924</subfield>
    <subfield code="p">J. Am. Chem. Soc.</subfield>
    <subfield code="t">Journal of the American Chemical Society</subfield>
    <subfield code="x">0002-7863</subfield>
  </datafield>
  <datafield tag="856" ind1="4" ind2=" ">
    <subfield code="s">4325652</subfield>
    <subfield code="u">http://zaguan.unizar.es/record/150713/files/texto_completo.pdf</subfield>
    <subfield code="y">Versión publicada</subfield>
  </datafield>
  <datafield tag="856" ind1="4" ind2=" ">
    <subfield code="s">3344317</subfield>
    <subfield code="u">http://zaguan.unizar.es/record/150713/files/texto_completo.jpg?subformat=icon</subfield>
    <subfield code="x">icon</subfield>
    <subfield code="y">Versión publicada</subfield>
  </datafield>
  <datafield tag="909" ind1="C" ind2="O">
    <subfield code="o">oai:zaguan.unizar.es:150713</subfield>
    <subfield code="p">articulos</subfield>
    <subfield code="p">driver</subfield>
  </datafield>
  <datafield tag="951" ind1=" " ind2=" ">
    <subfield code="a">2025-10-17-14:32:28</subfield>
  </datafield>
  <datafield tag="980" ind1=" " ind2=" ">
    <subfield code="a">ARTICLE</subfield>
  </datafield>
</record>
</collection>